|
|
|
|
| LEADER |
00000nab a2200000 a 4500 |
| 001 |
vtls008418748 |
| 003 |
SK-MaSNL |
| 005 |
20260303070050.0 |
| 008 |
051215c20051214xo ur| 0 0slo |
| 015 |
|
|
|a SNBRB2005/12
|
| 038 |
|
|
|a RVGKPD
|
| 040 |
|
|
|a RVGKPD
|b slo
|c RVGKPD
|e AACR2
|
| 041 |
0 |
|
|a slo
|
| 044 |
|
|
|a xo
|c SK
|
| 080 |
|
|
|a 354.53
|2 UDC-MRF-SK2
|
| 245 |
0 |
0 |
|a Zajac narýchlo zmenil zdravotnícku reformu
|c [autor] (ses, kdz)
|
| 300 |
|
|
|b Fotogr.
|
| 650 |
0 |
7 |
|a zdravotníctvo
|2 rvgkpd
|9 1269
|
| 650 |
0 |
7 |
|a reformy
|2 rvgkpd
|9 3877
|
| 773 |
0 |
|
|t Pravda
|g Roč. XV, č. 288 (14.12.2005), s. 1, 2
|x 1335-4051
|
| 852 |
|
|
|a RVGKPD
|b KIS3G
|
| 992 |
|
|
|a RBX
|
| 999 |
|
|
|c 1753782
|d 1755712
|